[Event "Szolnok op"]
[Site "Szolnok"]
[Date "2022.06.17"]
[Round "3"]
[White "Molnar, Dalma Reka"]
[Black "Radocz, Istvan Sr"]
[Result "1-0"]
[WhiteElo "1512"]
[BlackElo "1723"]
[PlyCount "57"]
[EventDate "2022.06.16"]
[EventType "swiss"]
[EventRounds "7"]
[EventCountry "HUN"]
[SourceTitle "CBM 209 Extra"]
[Source "ChessBase"]
[SourceDate "2022.09.30"]
[SourceVersion "1"]
[SourceVersionDate "2022.09.30"]
[SourceQuality "1"]

1. e4 e5 2. Nf3 Nc6 3. Nc3 Bc5 4. Nxe5 Nxe5 5. d4 Bb4 6. dxe5 Bxc3+ 7. bxc3 Ne7 8. Bg5 h6 9. Bh4 g5 10. Bg3 Ng6 11. Bc4 Qe7 12. Qd4 0-0 13. 0-0 Re8 14. f4 gxf4 15. Bxf4 d6 16. exd6 Qxe4 17. Bxh6 Qxd4+ 18. cxd4 Be6 19. d5 Bd7 20. dxc7 a5 21. d6 Ne5 22. Bd5 Bc6 23. Bxc6 bxc6 24. Bf4 Nd7 25. Rfe1 f6 26. Kf2 Kf7 27. Rxe8 Rxe8 28. Re1 Nb6 29. d7 1-0

[Event "HUN-ch U10 Girls"]
[Site "Tapolca"]
[Date "2020.08.16"]
[Round "3"]
[White "Molnar, Dalma Reka"]
[Black "Biro, Beata"]
[Result "1/2-1/2"]
[WhiteElo "1219"]
[BlackElo "1285"]
[PlyCount "140"]
[EventDate "2020.08.15"]
[EventType "swiss"]
[EventRounds "7"]
[EventCountry "HUN"]
[SourceTitle "EXT 2023"]
[Source "ChessBase"]
[SourceDate "2022.10.05"]
[SourceVersion "1"]
[SourceVersionDate "2022.10.05"]
[SourceQuality "1"]
[WhiteTeam "Hungary"]
[BlackTeam "Hungary"]
[WhiteTeamCountry "HUN"]
[BlackTeamCountry "HUN"]

1. d4 e6 2. Nf3 d5 3. Bf4 c5 4. e3 Nc6 5. c4 Nf6 6. Nc3 Qb6 7. Rb1 cxd4 8. exd4 Be7 9. Be2 0-0 10. 0-0 Rd8 11. cxd5 Nxd5 12. Nxd5 exd5 13. Re1 Bf6 14. Be3 Bf5 15. Bd3 Bg4 16. Bf1 Bxf3 17. Qxf3 Nxd4 18. Qf4 Re8 19. f3 Ne6 20. Qf5 Qd6 21. Red1 Nc7 22. Bf2 Be5 23. Bc4 b5 24. Bb3 Rad8 25. Bxa7 Bxh2+ 26. Kf1 Qe5 27. Qd3 Qh5 28. Bb6 Bg3 29. Bg1 Ne6 30. Qxb5 Nf4 31. Ba4 Qh1 32. Rd2 Bh2 33. Qc5 Rc8 34. Qf2 Re7 35. Rbd1 h6 36. g3 Nh3 37. Qxh2 Qxf3+ 38. Bf2 Qg4 39. Bb3 Rc6 40. a4 Rf6 41. Re1 Rxe1+ 42. Kxe1 Qe4+ 43. Kf1 Nxf2 44. Rxf2 Rxf2+ 45. Qxf2 Qd3+ 46. Qe2 Qxb3 47. a5 Qa2 48. a6 Qa1+ 49. Kf2 d4 50. b4 Qa4 51. b5 Qa5 52. Qe8+ Kh7 53. Qe4+ g6 54. Qxd4 Qxb5 55. a7 Qe8 56. Qa1 Qa8 57. Ke3 Kg8 58. Kd4 Kf8 59. Kc5 Ke8 60. Kb6 Qd8+ 61. Kc5 Qc7+ 62. Kb4 Qb6+ 63. Kc4 Qc6+ 64. Kb3 Qb5+ 65. Kc2 Qc5+ 66. Kb1 Qg1+ 67. Kb2 Qd4+ 68. Kb1 Qg1+ 69. Kb2 Qd4+ 70. Kb1 Qg1+ 1/2-1/2

[Event "HUN--chT U12"]
[Site "Budapest"]
[Date "2019.10.27"]
[Round "2.5"]
[White "Karacsonyi, Luca"]
[Black "Molnar, Dalma Reka"]
[Result "1-0"]
[WhiteElo "1556"]
[BlackElo "1088"]
[PlyCount "81"]
[EventDate "2019.10.26"]
[EventType "team-swiss"]
[EventRounds "7"]
[EventCountry "HUN"]
[SourceTitle "CBM 192 Extra"]
[Source "Chessbase"]
[SourceDate "2019.11.06"]
[SourceVersion "1"]
[SourceVersionDate "2019.11.06"]
[SourceQuality "1"]
[WhiteTeam "Kobanya Aquarena"]
[BlackTeam "Baptista Sakkiskola"]
[WhiteTeamCountry "HUN"]
[BlackTeamCountry "HUN"]

1. e4 e5 2. Nf3 Nc6 3. Bc4 Nf6 4. d3 Be7 5. c3 0-0 6. Bb3 d6 7. Nbd2 Be6 8. Bc2 d5 9. Qe2 dxe4 10. Nxe4 Nxe4 11. dxe4 Bd6 12. 0-0 Qe7 13. Be3 f5 14. Bg5 Qe8 15. exf5 Bxf5 16. Qc4+ Kh8 17. Bxf5 Rxf5 18. Rfe1 Qh5 19. Qh4 Qf7 20. Rad1 Re8 21. Qe4 Re6 22. Be3 Be7 23. Rd7 Qh5 24. Rxc7 Rg6 25. Kh1 Rg4 26. Qd5 h6 27. Qd1 e4 28. Nd4 Rf6 29. Nxc6 bxc6 30. Rxe7 Qg6 31. Rg1 Rf5 32. Qd8+ Kh7 33. Re8 Qh5 34. Rh8+ Kg6 35. Qe8+ Kf6 36. Rf8+ Qf7 37. Qxf7+ Ke5 38. Qxf5+ Kd6 39. Rd8+ Ke7 40. Rd7+ Ke8 41. Qf7# 1-0

[Event "HUN-ch U10 Girls"]
[Site "Balatonlelle"]
[Date "2019.06.28"]
[Round "7"]
[White "Toth, Lili1111"]
[Black "Molnar, Dalma Reka"]
[Result "1-0"]
[WhiteElo "1523"]
[BlackElo "1139"]
[PlyCount "111"]
[EventDate "2019.06.22"]
[EventType "swiss"]
[EventRounds "7"]
[EventCountry "HUN"]
[SourceTitle "CBM 191 Extra"]
[Source "ChessBase"]
[SourceDate "2019.09.30"]
[SourceVersion "1"]
[SourceVersionDate "2019.09.30"]
[SourceQuality "1"]

1. d4 d5 2. c4 e6 3. Nc3 Nf6 4. Nf3 Nbd7 5. Bf4 Be7 6. Nb5 0-0 7. Bxc7 Qe8 8. Nd6 Bxd6 9. Bxd6 b6 10. Bxf8 Qxf8 11. cxd5 exd5 12. e3 Ne4 13. Qb3 Ndf6 14. Bd3 Bf5 15. Bxe4 Bxe4 16. Ke2 Rc8 17. Rac1 h6 18. h3 Qd8 19. Rc3 Rxc3 20. Qxc3 Qd7 21. Rc1 Qb5+ 22. Kd2 Bf5 23. Qa3 Ne4+ 24. Ke1 a5 25. Qb3 Qxb3 26. axb3 Bd7 27. Ne5 Bb5 28. Rc8+ Kh7 29. Rb8 a4 30. Rxb6 Bd3 31. Nxd3 axb3 32. Rxb3 Nd6 33. Rb8 Nc4 34. b4 f6 35. b5 Na5 36. b6 Kg6 37. b7 h5 38. Nc5 Nc6 39. Rh8 f5 40. b8Q Nxb8 41. Rxb8 Kg5 42. g3 h4 43. f4+ Kg6 44. gxh4 Kh5 45. Rh8+ Kg6 46. h5+ Kf7 47. h6 gxh6 48. Rxh6 Kg7 49. Rd6 Kh7 50. Rxd5 Kg6 51. h4 Kh5 52. Rxf5+ Kxh4 53. Rg5 Kh3 54. Kf2 Kh4 55. Kf3 Kh3 56. Rh5# 1-0

[Event "HUN-ch U10 Girls"]
[Site "Balatonlelle"]
[Date "2019.06.23"]
[Round "2"]
[White "Gabor, Maria"]
[Black "Molnar, Dalma Reka"]
[Result "1-0"]
[WhiteElo "1308"]
[BlackElo "1139"]
[PlyCount "75"]
[EventDate "2019.06.22"]
[EventType "swiss"]
[EventRounds "7"]
[EventCountry "HUN"]
[SourceTitle "CBM 191 Extra"]
[Source "ChessBase"]
[SourceDate "2019.09.30"]
[SourceVersion "1"]
[SourceVersionDate "2019.09.30"]
[SourceQuality "1"]

1. e4 e5 2. Nf3 Nc6 3. Bc4 Nf6 4. d3 Bc5 5. c3 d6 6. Bg5 h6 7. Bh4 g5 8. Bg3 Be6 9. Nbd2 Qd7 10. a4 Rg8 11. b4 h5 12. h3 h4 13. Bh2 Bxf2+ 14. Kxf2 g4 15. hxg4 Bxg4 16. Qe2 0-0-0 17. Ke1 h3 18. gxh3 Bxh3 19. Rg1 Qe7 20. Kd1 Ng4 21. Kc2 a5 22. b5 Nb8 23. Bg3 Nf6 24. Qf2 Ng4 25. Qa7 b6 26. Bh4 Nf6 27. Bd5 Kd7 28. Nc4 Be6 29. Nxb6+ Ke8 30. Rxg8+ Nxg8 31. Bxe7 Nxe7 32. Bxe6 fxe6 33. Qxc7 d5 34. exd5 exd5 35. Nxe5 d4 36. Rg1 dxc3 37. Rg8+ Nxg8 38. Qf7# 1-0